Normal view
MARC view
- engineering entrance examination
Entry Topical Term
001 - CONTROL NUMBER
- control field: 102319
003 - CONTROL NUMBER IDENTIFIER
- control field: NUST
005 - DATE AND TIME OF LATEST TRANSACTION
- control field: 20221103131024.0
008 - FIXED-LENGTH DATA ELEMENTS
- fixed length control field: 221103|| aca||aabn | a|a d
040 ## - CATALOGING SOURCE
- Original cataloging agency: NUST
- Transcribing agency: NUST
150 ## - HEADING--TOPICAL TERM
- Topical term or geographic name entry element: engineering entrance examination
670 ## - SOURCE DATA FOUND
- Source citation: Work cat.: (NUST): Kumar, Sanjeev 102318, A complete resource book in Physics fo JEE Main 2019 :, 2018
